000 00811cam a22002773a 4500
001 1587
003 PGUSA
005 20140828083003.0
008 060222s2006||||xxu|||||s|||||000 1 eng d
040 _aPGUSA
_beng
042 _adc
050 4 _aPR
100 1 _aCollins, Wilkie,
_d1824-1889
245 1 4 _aThe Black Robe
_h[electronic resource] /
_cWilkie Collins
260 _bProject Gutenberg,
_c2006
506 _aPublic domain in the USA.
516 _aElectronic text
653 _aPriesthood -- Fiction
653 _aDueling -- Fiction
653 _aChastity, Vow of -- Fiction
653 _aEngland -- Social life and customs -- 19th century -- Fiction
653 _aMurder -- Fiction
830 0 _aProject Gutenberg
_v1587
856 4 0 _uhttp://www.gutenberg.org/ebooks/1587
942 _cEB
999 _c230935
_d230935